000 01098nam a22003257a 4500
003 CHAP
005 20220329143111.0
008 060328d1991 mx r 00110 spa d
010 _a91939
011 _a92911
035 _a103478
040 _cCHAP
090 _aFolleto 17060
100 0 0 _aTrinidad Santos, Antonio
_ecoord.
_9115162
245 1 3 _aEl amaranto y su aprovechamiento (recetario)
_c/comp. por Antonio Trinidad Santos
260 _aMontecillo, Méx. :
_bColegio de Postgraduados. Centro de Edafología,
_c1991.
300 _a27 p.
590 _aBATCH-UPD
_b10
_c20130110
_lUCH01
_h0259
590 _aBATCH-UPD
_b10
_c20130110
_lUCH01
_h2108
590 _aCONVERSION
_b10
_c20130109
_lUCH01
_h1351
650 1 4 _aAmaranthus.
_95103
650 1 4 _aAmaranto.
_95109
650 1 4 _aRecetas de cocina.
_994984
901 _aBK
905 _aLilia
942 _cFOLL
949 _aFolleto 17060
_bBC
_cFOLL
_d33724000983789
_eTS2
_fc.2
_i103478
_si
949 _aFolleto 17060
_bBC
_cFOLL
_d33724000983847
_eTS1
_i103478
_sb
949 _aFolleto 17060
_bBC
_cUACH
_d33724000983722
_eUACH
_fc.3
_i103478
_sb
999 _c91939
_d91939